MARC details
| 000 -LEADER |
| campo de control de longitud fija |
06726cem a22006734a 4500 |
| 001 - NÚMERO DE CONTROL |
| campo de control |
102678 |
| 005 - FECHA Y HORA DE LA ÚLTIMA TRANSACCIÓN |
| campo de control |
20230411085821.0 |
| 008 - DATOS DE LONGITUD FIJA--INFORMACIÓN GENERAL |
| campo de control de longitud fija |
060616s2006 nyubgce e 1 eng |
| 010 ## - NÚMERO DE CONTROL DE LA BIBLIOTECA DEL CONGRESO |
| Número de control de LC |
2006629550 |
| 035 ## - NÚMERO DE CONTROL DEL SISTEMA |
| Número de control de sistema |
(OCoLC)ocm66902633 |
| 040 ## - FUENTE DE CATALOGACIÓN |
| Centro catalogador/agencia de origen |
DLC |
| Centro/agencia transcriptor |
DLC |
| Centro/agencia modificador |
CGU |
| -- |
BAKER |
| -- |
IXA |
| -- |
IG# |
| -- |
BTCTA |
| -- |
YDXCP |
| -- |
CTB |
| -- |
EDK |
| -- |
AU@ |
| 019 ## - |
| -- |
224821054 |
| 020 ## - NÚMERO INTERNACIONAL ESTÁNDAR DEL LIBRO |
| Número Internacional Estándar del Libro |
0195220447 |
| 020 ## - NÚMERO INTERNACIONAL ESTÁNDAR DEL LIBRO |
| Número Internacional Estándar del Libro |
9780195220445 |
| 020 ## - NÚMERO INTERNACIONAL ESTÁNDAR DEL LIBRO |
| Número Internacional Estándar del Libro |
0195372360 (Paper) |
| 020 ## - NÚMERO INTERNACIONAL ESTÁNDAR DEL LIBRO |
| Número Internacional Estándar del Libro |
9780195372366 (Paper) |
| 029 1# - OTRO NÚMERO DE CONTROL DE SISTEMA (OCLC) |
| Identificador de la biblioteca OCLC |
IG# |
| Número de control de sistema |
0195220447 |
| 029 1# - OTRO NÚMERO DE CONTROL DE SISTEMA (OCLC) |
| Identificador de la biblioteca OCLC |
YDXCP |
| Número de control de sistema |
2149231 |
| 029 1# - OTRO NÚMERO DE CONTROL DE SISTEMA (OCLC) |
| Identificador de la biblioteca OCLC |
NZ1 |
| Número de control de sistema |
10743214 |
| 029 1# - OTRO NÚMERO DE CONTROL DE SISTEMA (OCLC) |
| Identificador de la biblioteca OCLC |
IG# |
| Número de control de sistema |
9780195220445 |
| 029 1# - OTRO NÚMERO DE CONTROL DE SISTEMA (OCLC) |
| Identificador de la biblioteca OCLC |
AU@ |
| Número de control de sistema |
000040143494 |
| 029 1# - OTRO NÚMERO DE CONTROL DE SISTEMA (OCLC) |
| Identificador de la biblioteca OCLC |
UNITY |
| Número de control de sistema |
110705637 |
| 029 1# - OTRO NÚMERO DE CONTROL DE SISTEMA (OCLC) |
| Identificador de la biblioteca OCLC |
W4S |
| Número de control de sistema |
0195220447 |
| 034 0# - DATOS MATEMÁTICOS CARTOGRÁFICOS CODIFICADOS |
| Tipo de escala |
a |
| 035 ## - NÚMERO DE CONTROL DEL SISTEMA |
| Número de control de sistema |
(OCoLC)66902633 |
| Número de control cancelado/no válido |
(OCoLC)224821054 |
| 042 ## - CÓDIGO DE AUTENTICACIÓN |
| Código de autenticación |
pcc |
| 043 ## - CÓDIGO DE ÁREA GEOGRÁFICA |
| Código de área geográfica |
n-us--- |
| 050 14 - SIGNATURA TOPOGRÁFICA DE LA BIBLIOTECA DEL CONGRESO |
| Número de clasificación |
R G 1200 |
| Número de ítem |
A881 2006 |
| 082 00 - NÚMERO DE LA CLASIFICACIÓN DECIMAL DEWEY |
| Número de clasificación |
912.73 |
| 049 ## - FONDOS LOCALES (OCLC) |
| Biblioteca depositaria |
GRAL |
| 245 10 - MENCIÓN DEL TÍTULO |
| Título |
Atlas of the United States / |
| Mención de responsabilidad, etc. |
H.J. de Blij, editor ; [cartography by Philip's]. |
| 246 3# - FORMA VARIANTE DEL TITULO |
| Título propio/Titulo breve |
Oxford atlas of the United States |
| 255 ## - DATOS MATEMÁTICOS CARTOGRÁFICOS |
| Mención de escala |
Scales differ. |
| 260 ## - PUBLICACIÓN, DISTRIBUCIÓN, ETC. |
| Lugar de publicación, distribución, etc. |
New York, NY : |
| Nombre del editor, distribuidor, etc. |
Oxford University Press, |
| Fecha de publicación, distribución, etc. |
c2006. |
| 300 ## - DESCRIPCIÓN FÍSICA |
| Extensión |
1 atlas (208 p.) : |
| Otras características físicas |
col. ill., col. maps ; |
| Dimensiones |
35 cm. |
| 500 ## - NOTA GENERAL |
| Nota general |
Relief shown by shading, gradient tints, and spot heights. Depths shown by gradient tints and soundings. |
| 500 ## - NOTA GENERAL |
| Nota general |
Also shows major cities in state maps with data on people, business, and geography, and photographs of significant features. |
| 500 ## - NOTA GENERAL |
| Nota general |
At head of title: Oxford. |
| 500 ## - NOTA GENERAL |
| Nota general |
"Cartography and placename index copyright ... Philip's; text copyright ... Oxford University Press, Inc."--T.p. verso. |
| 500 ## - NOTA GENERAL |
| Nota general |
Includes index. |
| 505 0# - NOTA DE CONTENIDO CON FORMATO |
| Nota de contenido con formato |
US & North American statistics -- North American Geography -- North America: Satellite image -- North America: Political -- Physical geography and geology -- Tectonic provinces and physiography -- Energy and minerals -- Surface water and drainage -- Climate and weather -- Soil and vegetation -- Pleistocene land cover and glaciation -- Indigenous peoples -- Early settlement and expansion -- Population and social diversity -- Immigration and population change -- Urbanization -- Land use and agriculture -- United States: Manufacturing industries -- United States: Service industries -- Trade and telecommunications -- Highways and railroads -- Languages and religions -- National parks and federal lands -- Maritime zones and claims -- United States -- Map symbols -- United States: Satellite image -- United States -- Eastern United States -- Middle United States -- Western United States -- Alabama -- Alaska -- Arizona -- Arkansas -- California -- Colorado -- Florida -- Georgia -- Hawai'i -- Idaho -- Illinois -- Indiana -- Iowa -- Kansas -- Louisiana -- Maine -- Maryland, Delaware and District of Columbia -- Massachusetts, Connecticut and Rhode Island -- Michigan -- Minnesota -- Mississippi -- Missouri -- Montana -- Nebraska -- Nevada -- New Hampshire and Vermont -- New Jersey -- New Mexico -- New York -- North Carolina and South Carolina -- North Dakota and South Dakota -- Ohio -- Oklahoma -- Oregon -- Pennsylvania -- Tennessee and Kentucky -- Texas -- Utah -- Washington -- West Virginia and Virginia -- Wisconsin -- Wyoming -- Puerto Rico and the US Pacific Territories -- US outlying areas -- Puerto Rico and the Virgin Islands -- Northern Marianas -- Guam -- Saipan and Tinian -- Samoan Islands -- Tutuila (American Samoa) -- Manua Islands (American Samoa) -- United States City Maps -- Atlanta -- Baltimore -- Boston -- Charlotte -- Chicago -- Cincinnati -- Cleveland -- Dallas-Fort Worth -- Denver -- Detroit -- Houston -- Indianapolis -- Las Vegas -- Los Angeles -- Memphis -- Miami-Fort Lauderdale -- Milwaukee -- Minneapolis-St Paul -- New Orleans -- New York -- Norfolk -- Orlando -- Philadelphia -- Phoenix -- Pittsburgh -- Portland -- St Louis -- Salt Lake City -- San Antonio -- San Diego -- San Francisco -- Seattle -- Tampa and St Petersburg -- Washington -- United States Gazetteer -- Index to maps. |
| 520 ## - RESUMEN, ETC. |
| Sumario, etc. |
From the Publisher: An indispensable item in any modern professional or personal library, the Atlas of the United States offers a closer look at the oldest, richest, and most populous country on the continent. Opening with two pages of the latest statistics, this atlas provides a broad overview of a multicultural and diverse nation taking its first steps into a new century. The heart of this comprehensive volume is a unique thematic section covering physical, historic, urban, economic, social, and cultural topics ranging from environmental change to religious practice, and indigenous peoples to migration patterns. Accompanied by a balanced combination of informative text and instructive charts and graphs, these newly drawn maps seek to explain the dynamic forces shaping the United States of America. The thematic section is followed by a spectacular two-page satellite image of the lower 48 states and several regional maps including a full page for the US Pacific islands plus dozens of larger-scale maps of urban areas. A useful, illustrated gazetteer offers still more precision with charts of census data and descriptions of the history, geography, and industry of each state and its capital. In combination, these components transform the new Atlas of the United States into a home reference unsurpassed in quality that is equal parts study source and travel guide. All of this is facilitated by a comprehensive index with latitude and longitude coordinates and alphanumeric grid references that make finding places effortless. What's more, page number indicators and refined locator windows throughout the atlas allow for easy identification of adjacent map pages. With hundreds of maps rendering every region from Barrow, Alaska to Venice, Florida in layer-colored contours, this atlas is the United States as it hasn't been seen before. |
| 504 ## - NOTA DE BIBLIOGRAFÍA, ETC. |
| Nota de bibliografía, etc. |
Includes bibliographical references. |
| 651 #0 - PUNTO DE ACCESO ADICIONAL DE MATERIA--NOMBRE GEOGRÁFICO |
| Nombre geográfico |
United States |
| Subdivisión de forma |
Maps. |
| 651 #0 - PUNTO DE ACCESO ADICIONAL DE MATERIA--NOMBRE GEOGRÁFICO |
| Nombre geográfico |
United States |
| Subdivisión general |
Economic conditions |
| Subdivisión de forma |
Maps. |
| 651 #0 - PUNTO DE ACCESO ADICIONAL DE MATERIA--NOMBRE GEOGRÁFICO |
| Nombre geográfico |
United States |
| Subdivisión general |
Social conditions |
| Subdivisión de forma |
Maps. |
| 651 #1 - PUNTO DE ACCESO ADICIONAL DE MATERIA--NOMBRE GEOGRÁFICO |
| Nombre geográfico |
United States |
| Subdivisión de forma |
Maps. |
| 700 1# - ENTRADA AGREGADA--NOMBRE PERSONAL |
| Nombre de persona |
De Blij, Harm J. |
| 710 2# - ENTRADA AGREGADA--NOMBRE DE ENTIDAD CORPORATIVA |
| Nombre de entidad corporativa o nombre de jurisdicción como elemento de entrada |
Oxford University Press. |
| 856 42 - LOCALIZACIÓN Y ACCESO ELECTRÓNICOS |
| Materiales especificados |
Contributor biographical information |
| Identificador Uniforme de Recursos |
<a href="http://catdir.loc.gov/catdir/enhancements/fy0723/2006629550-b.html">http://catdir.loc.gov/catdir/enhancements/fy0723/2006629550-b.html</a> |
| 856 42 - LOCALIZACIÓN Y ACCESO ELECTRÓNICOS |
| Materiales especificados |
Publisher description |
| Identificador Uniforme de Recursos |
<a href="http://catdir.loc.gov/catdir/enhancements/fy0723/2006629550-d.html">http://catdir.loc.gov/catdir/enhancements/fy0723/2006629550-d.html</a> |
| 938 ## - |
| -- |
Baker & Taylor |
| -- |
BKTY |
| -- |
50.00 |
| -- |
37.50 |
| -- |
0195220447 |
| -- |
0006156986 |
| -- |
active |
| 938 ## - |
| -- |
Baker and Taylor |
| -- |
BTCP |
| -- |
bl2006008806 |
| 938 ## - |
| -- |
YBP Library Services |
| -- |
YANK |
| -- |
2149231 |
| 938 ## - |
| -- |
Ingram |
| -- |
INGR |
| -- |
9780195220445 |
| 942 ## - ELEMENTOS DE ENTRADA SECUNDARIOS (KOHA) |
| Fuente del sistema de clasificación o colocación |
Clasificación de Library of Congress |
| Tipo de ítem Koha |
|
| 946 ## - PROCESAMIENTO DE INFORMACIÓN LOCAL (OCLC) |
| a |
CV |
| 994 ## - |
| -- |
C0 |
| -- |
DRFGD |